Las relaciones laborales en conexión con la participación del personal en la gestión de la empresa, en Francia, Alemania, Yugoslavia y la URSS / (Record no. 189983)

MARC details
000 -LEADER
campo de control de longitud fija 00940nam a2200205 i 4500
001 - NÚMERO DE CONTROL
campo de control 189983
003 - IDENTIFICADOR DE NÚMERO DE CONTROL
campo de control ES-MaACL
005 - FECHA Y HORA DE LA ÚLTIMA TRANSACCIÓN
campo de control 20230906223617.0
008 - DATOS DE LONGITUD FIJA--INFORMACIÓN GENERAL
campo de control de longitud fija 200303s1968 sp |||| | spa d
080 ## - NÚMERO DE LA CLASIFICACIÓN DECIMAL UNIVERSAL
Número de la Clasificación Decimal Universal 331.152(043.2)
100 1# - ENTRADA PRINCIPAL--NOMBRE DE PERSONA
Nombre de persona Gorostiaga Achalandabaso, Luis Ángel.
9 (RLIN) 169812
245 14 - MENCIÓN DEL TÍTULO
Título Las relaciones laborales en conexión con la participación del personal en la gestión de la empresa, en Francia, Alemania, Yugoslavia y la URSS /
Mención de responsabilidad, etc. Luis Ángel Gorostiaga Achalandabaso.
260 ## - PUBLICACIÓN, DISTRIBUCIÓN, ETC.
Lugar de publicación, distribución, etc. Barcelona :
Nombre del editor, distribuidor, etc. [Universidad, Facultad de Derecho],
Fecha de publicación, distribución, etc. 1968.
300 ## - DESCRIPCIÓN FÍSICA
Extensión 12 p. ;
Dimensiones 24 cm.
502 ## - NOTA DE TESIS
Nota de tesis Tesis-Univ. Barcelona (Extracto)
594 ## - Nota al título y mención de responsabilidad
Nota al título y mención de responsabilidad Precede al tít.: Universidad de Barcelona. Secretariado de Publicaciones, Intercambio Científico y Extensión Universitaria.
650 #4 - PUNTO DE ACCESO ADICIONAL DE MATERIA--TÉRMINO DE MATERIA
Término de materia o nombre geográfico como elemento de entrada Participación de los trabajadores.
9 (RLIN) 15852
710 2# - ENTRADA AGREGADA--NOMBRE DE ENTIDAD CORPORATIVA
Nombre de entidad corporativa o nombre de jurisdicción como elemento de entrada Universidad de Barcelona.
Unidad subordinada Facultad de Derecho.
9 (RLIN) 7147
852 4# - LOCALIZACIÓN
Ubicación ES-MaACL
Número de control de estantería P-1414-3
Holdings
Estatus retirado Estado de pérdida Estado de daño No para préstamo Biblioteca de origen Biblioteca actual Ubicación en estantería Fecha de adquisición Fuente de adquisición Total de préstamos Signatura topográfica completa Código de barras Visto por última vez Precio de reemplazo Tipo de ítem Koha
        Biblioteca del Ateneo de Madrid Biblioteca del Ateneo de Madrid Depósito 2 22/05/2005     P-1414-3 1201629 23/02/2023 23/02/2023 Libro impreso